| 000 | 00488nam a2200193Ia 4500 | ||
|---|---|---|---|
| 008 | 220531s9999 xx 000 0 und d | ||
| 041 | _aeng | ||
| 082 | _bKHA / SHR | ||
| 100 |
_aKharat, P. / Shrivastava, V. _963136 |
||
| 245 | _aBusiness Economics (macro) | ||
| 250 | _a1ST | ||
| 260 |
_aPune _bAtharva _c2014 |
||
| 300 | _a122 | ||
| 542 | _d25-07-2014 | ||
| 551 |
_aEconomics _bGrantebal-E |
||
| 650 |
_aEconomics _963137 |
||
| 906 |
_d2014-2015 _f680 |
||
| 999 |
_c35882 _d35882 |
||